Biografía del universo

Guardat en:
Dades bibliogràfiques
Autor principal: Gribbin, John (Autor)
Format: Llibre
Idioma:espanyol
Publicat: Barcelona Crítica 2007
Col·lecció:Drakontos
Matèries:
Etiquetes: Afegir etiqueta
Sense etiquetes, Sigues el primer a etiquetar aquest registre!

MARC

LEADER 00000nam a2200000 a 4500
001 UCI3054
003 CL-VaPUC
008 071012e20070000SP |||||||||||||||||spa|d
020 |a 9788484329145 
082 0 4 |a 523.1  |b GRI  |2 21 
100 |a Gribbin, John  |e author  |9 524401 
245 1 0 |a Biografía del universo 
300 |a 305 p 
942 |c BK 
945 |d 20071012 00:00:00  |a rbrito 
260 |a Barcelona  |b Crítica  |c 2007 
650 0 |a Universo  |9 266563 
650 7 |a CUERPOS CELESTES  |2 CL-VaPUC  |9 310384 
650 0 |a Galaxias  |9 322985 
650 0 |a Cosmología  |9 269138 
650 0 |a Astrofísica  |9 269137 
650 7 |a FISICA ESTELAR  |2 CL-VaPUC  |9 524402 
650 7 |a EVOLUCION ESTELAR  |2 CL-VaPUC  |9 360068 
583 |a last modification  |c 20071012 00:00:00  |k Rodrigo Vera 
490 0 |a Drakontos 
999 |c 327449  |d 327447 
952 |0 0  |1 0  |4 0  |6 523_100000000000000_GRI_2007  |7 0  |8 A  |9 410288  |a BIBCUR  |b BIBCUR  |d 2019-11-22  |i 4376161  |o 523.1 GRI 2007  |p 4376161  |r 2025-04-22  |w 2019-11-22  |y BK  |k FIS